| 000 | 00392cam a2200169ua 4500 | ||
|---|---|---|---|
| 003 | OSt | ||
| 008 | 250610b |||||||| |||| 00| 0 eng d | ||
| 020 | _a0-13-854019-5 | ||
| 041 | _aeng | ||
| 082 |
_a624.171 _bENG/ST |
||
| 100 |
_aEngel, I . _97551 |
||
| 245 | _aStructural principles / | ||
| 250 | _a1 / | ||
| 260 |
_a : _bPrentice Hall Inc , _c1984. |
||
| 300 | _a363 ; . | ||
| 942 | _cBK | ||
| 999 |
_c1544 _d1544 |
||